Statistics for Normal Type Pokémon

Click here to take the quiz!

General Stats

  • This quiz has been taken 4 times
  • The average score is 60 of 117

Answer Stats

HintAnswer% Correct
Ditto
100%
Dodrio
100%
Doduo
100%
Farfetch’d
100%
Igglybuff
100%
Jigglypuff
100%
Pidgeot
100%
Pidgeotto
100%
Kanto RegionPidgey
100%
Raticate
100%
Rattata
100%
Wigglytuff
100%
Bibarel
67%
Bidoof
67%
Blissey
67%
Kalos RegionBunnelby
67%
Chansey
67%
Delcatty
67%
Diggersby
67%
Eevee
67%
Fearow
67%
Fletchling
67%
Glameow
67%
Happiny
67%
Hoothoot
67%
Kangaskhan
67%
Linoone
67%
Munchlax
67%
Noctowl
67%
Obstagoon
67%
Pidove
67%
Alola RegionPikipek
67%
Purugly
67%
Skitty
67%
Snorlax
67%
Spearow
67%
Stantler
67%
Staraptor
67%
Staravia
67%
Sinnoh RegionStarly
67%
Swellow
67%
Taillow
67%
Tauros
67%
Teddiursa
67%
Toucannon
67%
Tranquill
67%
Trumbeak
67%
Unfezant
67%
Ursaluna
67%
Ursaring
67%
Hisui RegionWyrdeer
67%
Hoenn RegionZigzagoon
67%
Aipom
33%
Ambipom
33%
Arceus
33%
Audino
33%
Azurill
33%
Bewear
33%
Bouffalant
33%
Braviary
33%
Buneary
33%
Castform
33%
Chatot
33%
Cinccino
33%
Deerling
33%
Drampa
33%
Dubwool
33%
Dunsparce
33%
Exploud
33%
Furfrou
33%
Furret
33%
Girafarig
33%
Greedent
33%
Gumshoos
33%
Heliolisk
33%
Helioptile
33%
Herdier
33%
Indeedee
33%
Kecleon
33%
Komala
33%
Lickilicky
33%
Lickitung
33%
Lillipup
33%
Litleo
33%
Lopunny
33%
Loudred
33%
Meloetta
33%
Meowth
33%
Miltank
33%
Minccino
33%
Oranguru
33%
Unova RegionPatrat
33%
Persian
33%
Porygon
33%
Porygon2
33%
Porygon-Z
33%
Pyroar
33%
Regigigas
33%
Rufflet
33%
Sawsbuck
33%
Johto RegionSentret
33%
Silvally
33%
Galar RegionSkwovet
33%
Slaking
33%
Slakoth
33%
Smeargle
33%
Spinda
33%
Stoutland
33%
Stufful
33%
Swablu
33%
Type: Null
33%
Vigoroth
33%
Watchog
33%
Whismur
33%
Wooloo
33%
Yungoos
33%
Zangoose
33%

Score Distribution

Percentile by Number Answered

Percent of People with Each Score

Your Score History

You have not taken this quiz